000 00482nam a2200181Ia 4500
008 230917s9999||||xx |||||||||||||| ||und||
020 _cRS 690.00
040 _e5014921
_aMAIN
041 _aEnglish
082 _a621.815 K529T(14)
100 _aKhurmi, R S
245 0 _aTextbook of machine design
250 _a14th ed.
260 _aNew Delhi
_bS Chand and Company
_c2022
300 _axvi, 1230 p.
500 _a5032 07/01/2023 IF23/1066 13/02/2023 Main Budget
942 _cBK
999 _c8580
_d8580